| 000 | 00680nam a2200217 a 4500 | ||
|---|---|---|---|
| 005 | 20240912063823.0 | ||
| 008 | 030514s2006 ag r 000 0 spa d | ||
| 020 | _a9507531866 | ||
| 035 | _aUPN01000124167 | ||
| 049 | _aI | ||
| 050 | 4 |
_aPZ71 _bK3.7 |
|
| 100 | 1 |
_aKaufman, Ruth, _d1961- _930246 |
|
| 245 | 1 | 0 |
_aTon y Nimo se van de viaje / _ctexto Ruth Kaufman ; il. Elenio Pico. |
| 260 |
_aBuenos Aires : _bCántaro, _c2006. |
||
| 300 |
_a[24] p. : _bprincipalmente il. col. |
||
| 440 | 0 |
_aRincón de lectura. _pTon y Nimo |
|
| 650 | 4 |
_aCuentos infantiles argentinos _97466 |
|
| 650 | 4 |
_aLibros y lectura para niños _92290 |
|
| 700 | 1 |
_aPico, Elenio, _eil. |
|
| 905 | _aInfantil | ||
| 999 |
_c96346 _d96346 |
||